000 00600nam a22001937a 4500
999 _c64015
_d64015
005 20260309180310.0
008 260309s2021 enk||||| |||| 00| 0 eng d
020 _a9780983610601x
041 _aeng
080 _a821.521-4 K-19
100 _aKakuzo, Okakura
_927093
245 _aThe Book of Tea :
_cOkakura Kakuzo, Bruce Richardson.
264 _aDanville:
_bBenjamin Press,
_c2021.
300 _a104 p.:
_bill.;
_c24 cm.
653 _aჩაის წიგნი
653 _aიაპონია
700 _a Richardson, Bruce
_eავტორი
_927094
942 _2udc
_cᲬᲘᲒᲜᲘ